Statistics for UK Singles Charts - 1990s

Click here to take the quiz!

General Stats

  • This quiz has been taken 107 times
  • The average score is 7 of 18

Answer Stats

HintAnswer% Correct
16 weeksBryan Adams
82%
22 weeksSpice Girls
74%
21 weeksTake That
70%
10 weeksWhitney Houston
64%
19 weeksWet Wet Wet
61%
8 weeksWestlife
53%
9 weeksBoyzone
52%
12 weeksElton John
48%
11 weeksMichael Jackson
48%
9 weeksQueen
43%
9 weeksCeline Dion
33%
13 weeksCher
33%
9 weeksGeorge Michael
29%
7 weeksAqua
16%
7 weeksMeatloaf
16%
13 weeksRobson & Jerome
6%
8 weeksShakespears Sister
6%
8 weeksSNAP!
6%

Score Distribution

Percentile by Number Answered

Percent of People with Each Score

Your Score History

You have not taken this quiz